000 01306cas a2200313 i 4500
001 000037525
003 DO-SdBNP
005 20251003121012.0
007 ta
008 120423c2011 dr ar1p|dd || |0spa d
040 _aDO-SdBNP
_bspa
_cBNPHU
_erda
041 _hspa
043 _anwdr
245 0 0 _aRevista educación superior, ciencia y tecnología :
_brevista educativa del Ministerio de Educación Superior, Ciencia y Tecnología /
_cMinisterio de Educación Superior, Ciencia y Tecnología.
260 _fRB publicidad
264 _aSanto Domingo, RepúblicaDominicana :
_bMinisterio de Educación Superior, Ciencia y Tecnología, MESCYT.,
_c2011.
300 _avolumen :
_bilustraciones, gráficas, tablas ;
_c22 cm.
310 _aAnual
336 _atexto
_btxt
_2rdacontent
337 _asin mediación
_bn
_2rdamedia
338 _avolumen
_bnc
_0rdacarrier
362 1 _aAño.1: no.5 (2011).
500 _aCatalogación basada en: Año.1: no.5, (2011).
500 _aEdición: 2011, Luz Almánzar Rodríguez.
650 0 _aEducación superior
_vPublicaciones periódicas
_zRepública Dominicana
_963982
700 1 _aAlmánzar Rodríguez, Luz,
_eeditor.
_956217
710 1 _aRepública Dominicana
_bMinisterio de Educación Superior, Ciencia y Tecnología
_956809
942 _2ddc
_cISSUE
999 _c37015
_d37015